Vedou rozvojové benefity, především výuka jazyků

Snaha firiem nalákať zamestnancov na širokú škálu benefitov. Benefit v podobe výučby cudzích jazykov. Hodnotenie benefitu. Meranie efektivity benefitov. Odporúčanie pre manažérov.

Salvato in:
Dettagli Bibliografici
Autore principale: Štefeček, Jakub
Natura: Capitolo di libro
Lingua:ceco
Soggetti:
Tags: Aggiungi Tag
Nessun Tag, puoi essere il primo ad aggiungerne!!

MARC

LEADER 00000naa a2200000 4500
001 0229622
005 20170427090959.6
041 0 |a cze 
044 |a CZ 
245 1 0 |a Vedou rozvojové benefity, především výuka jazyků  |c Jakub Štefeček 
520 |a Snaha firiem nalákať zamestnancov na širokú škálu benefitov. Benefit v podobe výučby cudzích jazykov. Hodnotenie benefitu. Meranie efektivity benefitov. Odporúčanie pre manažérov. 
610 2 0 |a firmy 
610 2 0 |a zamestnávatelia 
610 2 0 |a zamestnanci 
610 2 0 |a benefity 
610 2 0 |a jazyky cudzie 
610 2 0 |a vzdelávanie 
610 2 0 |a efektívnosť 
100 1 |a Štefeček, Jakub